Reconceptualización del mercado de Liberia, Guanacaste
Guardat en:
| Autor principal: | |
|---|---|
| Altres autors: | |
| Format: | Desconegut |
| Idioma: | Spanish |
| Publicat: |
[San José, Costa Rica]
2011
|
| Matèries: | |
| Etiquetes: |
Afegir etiqueta
Sense etiquetes, Sigues el primer a etiquetar aquest registre!
|
MARC
| LEADER | 00000 a2200000 4500 | ||
|---|---|---|---|
| 003 | EA0004 | ||
| 005 | 20230302111150.0 | ||
| 008 | 140114s2011 cr a 000 ||spa d | ||
| 040 | |c cru CEDI | ||
| 090 | |a TFG EA-004 | ||
| 100 | |a Martínez Gómez, Alejandra |9 19917 | ||
| 245 | |a Reconceptualización del mercado de Liberia, Guanacaste | ||
| 260 | |a [San José, Costa Rica] |c 2011 | ||
| 500 | |a Proyecto de graduación(licenciatura en arquitectura)--Universidad de Costa Rica. Facultad de Ingeniería. Escuela de Arquitectura | ||
| 501 | |a Director de Proyecto de Graduación: Mag. Rodolfo Molina Granados | ||
| 650 | |x MERCADO MUNICIPAL DE LIBERIA (COSTA RICA) |x REMODELACION URBANA |x LIBERIA (GUANACASTE, COSTA RICA) |9 19918 | ||
| 700 | |a Molina Granados, Rodolfo, 1950- |d Director del TFG |9 66 | ||
| 942 | |c CEDI | ||
| 999 | |c 12686 |d 12686 | ||
